000 00590nam a2200193Ia 4500
003 IN-BaIIA
005 20250707104605.0
008 211028s9999 xx 000 0 eng d
040 _cIIA Library
080 _a629.19 (047.1)
_bPAA-13
245 0 _aGuidance and control II
_cRobert C. Langford
260 _aNew York
_bAcademic Press
_c1964
300 _axv, 997p.
490 _aProgress in astronautics and aeronautics
_v13
650 _aAstronomy and Astrophysics Thesaurus
650 _aGuidance
_94849
700 _aLangford, Robert C., ed.
_94850
942 _cBK
_2ddc
999 _c2707
_d2707